[Event "Scandinavian Thematic!"]
[Site "SchemingMind.com"]
[Date "2018.08.15"]
[Round "-"]
[White "Johnny Owens"]
[Black "jolasebabes"]
[Result "1-0"]
[WhiteCountry "USA"]
[BlackCountry "POR"]
[WhiteElo "2311"]
[WhiteRD "65"]
[BlackElo "2146"]
[BlackRD "70"]
[GameID "431425"]

1. e4 d5 2. d4 dxe4 3. Nc3 Nf6 4. f3 exf3 5. Nxf3 Bg4 6. h3 Bh5 7. g4 Bg6 8. Ne5 c6 9. Bg2 e6 10. h4 Bb4
11. O-O Nbd7 12. Qe2 Nxe5 13. dxe5 Bc5+ 14. Kh2 Nd5 15. h5 Qh4+ 16. Bh3 O-O-O 17. Nxd5 Rxd5 18. Bf4 Rd4 19. Qe1 Qxe1 20. Raxe1 Bxc2
21. Be3 Rd5 22. Bxc5 Rxc5 23. Rc1 b6 24. Rf2 Be4 25. Rxc5 bxc5 26. Rxf7 a5 27. g5 Bd5 28. Rxg7 Bxa2 29. h6 Bd5 30. g6 hxg6
31. h7
1-0

[Event "Scandinavian Thematic!"]
[Site "SchemingMind.com"]
[Date "2018.08.15"]
[Round "-"]
[White "jolasebabes"]
[Black "Johnny Owens"]
[Result "1/2-1/2"]
[WhiteCountry "POR"]
[BlackCountry "USA"]
[WhiteElo "2141"]
[WhiteRD "70"]
[BlackElo "2315"]
[BlackRD "71"]
[GameID "431426"]

1. e4 d5 2. exd5 Qxd5 3. Nc3 Qd6 4. d4 Nf6 5. Nf3 a6 6. Bd3 g6 7. O-O Bg7 8. Ne2 c5 9. dxc5 Qxc5 10. Be3 Qc7
11. Bf4 Qb6 12. Qd2 Nc6 13. c3 O-O 14. Rfe1 Re8 15. Ned4 Nxd4 16. Nxd4 Nh5 17. Be3 Qc7 18. Rad1 Bd7 19. c4 Nf6 20. Nb3 b6
21. Be2 Bc6 22. Nd4 Bb7 23. Qc1 Rac8 24. Bh6 Bxh6 25. Qxh6 Red8 26. Qe3 Rd7 27. Nb3 Rxd1 28. Rxd1 a5 29. Nd4 Rd8 30. b3 Qc5
31. Nb5 Rxd1+ 32. Bxd1 Qxe3 33. fxe3 Kg7 34. Bf3 Ne4 35. Bxe4 Bxe4 36. Nc3 Bc6 37. Kf2 Kf6 38. a3=
1/2-1/2

[Event "Scandinavian Thematic!"]
[Site "SchemingMind.com"]
[Date "2018.09.16"]
[Round "-"]
[White "Johnny Owens"]
[Black "splinter"]
[Result "1-0"]
[WhiteCountry "USA"]
[BlackCountry "CAN"]
[WhiteElo "2302"]
[WhiteRD "68"]
[BlackElo "1786"]
[BlackRD "69"]
[GameID "432561"]

1. e4 d5 2. d4 dxe4 3. Nc3 Nf6 4. f3 exf3 5. Nxf3 g6 6. Bg5 Bg7 7. Bc4 O-O 8. Qe2 Bg4 9. O-O-O Nbd7 10. Rhe1 Re8
11. h3 Bxf3 12. Qxf3 c6 13. Bb3 a5 14. a4 Qc7 15. g4 b5 16. Bf4 Qb7 17. axb5 Nd5 18. bxc6
1-0

[Event "Scandinavian Thematic!"]
[Site "SchemingMind.com"]
[Date "2018.09.16"]
[Round "-"]
[White "splinter"]
[Black "jolasebabes"]
[Result "0-1"]
[WhiteCountry "CAN"]
[BlackCountry "POR"]
[WhiteElo "1786"]
[WhiteRD "69"]
[BlackElo "2185"]
[BlackRD "69"]
[GameID "432563"]

1. e4 d5 2. exd5 Nf6 3. d4 Nxd5 4. c4 Nb6 5. Nf3 g6 6. Nc3 Bg7 7. c5 Nd5 8. Bc4 c6 9. O-O O-O 10. Re1 Bg4
11. Bg5 Re8 12. Nxd5 cxd5 13. Bb5 Nc6 14. Qd3 Bxf3 15. gxf3 Qc7 16. Be3 a6 17. Ba4 Rad8 18. f4 Bh6 19. Qd2 Qd7 20. f3 Qf5
21. Kh1 Rb8 22. Rg1 e5 23. dxe5 d4 24. Bf2 Bxf4 25. Qd1 Rxe5 26. Bxc6 bxc6 27. Qxd4 Re2 28. Bg3 Bxg3 29. Rxg3 Rbxb2 30. Qd8+ Kg7
31. Qd4+ f6 32. Qg1 Qc2 33. Rh3 Rg2
0-1

[Event "Scandinavian Thematic!"]
[Site "SchemingMind.com"]
[Date "2018.09.16"]
[Round "-"]
[White "jolasebabes"]
[Black "splinter"]
[Result "1-0"]
[WhiteCountry "POR"]
[BlackCountry "CAN"]
[WhiteElo "2146"]
[WhiteRD "70"]
[BlackElo "1820"]
[BlackRD "72"]
[GameID "432564"]

1. e4 d5 2. exd5 Qxd5 3. Nc3 Qa5 4. d4 c6 5. Nf3 Nf6 6. Bc4 e6 7. Bd2 Qc7 8. Qe2 Be7 9. O-O-O O-O 10. h4 b5
11. Bd3 a5 12. Kb1 Na6 13. Ne4 Nb4 14. Nxf6+ Bxf6 15. Ng5 Nxd3 16. Qxd3 g6 17. h5 Bxg5 18. Bxg5 f6 19. hxg6 fxg5 20. Rxh7 Qf4
21. Rdh1 Qf6 22. Qh3 Qxg6 23. Re7
1-0

[Event "Scandinavian Thematic!"]
[Site "SchemingMind.com"]
[Date "2018.10.30"]
[Round "-"]
[White "DHall"]
[Black "Johnny Owens"]
[Result "1-0"]
[WhiteCountry "ENG"]
[BlackCountry "USA"]
[WhiteElo "2442"]
[WhiteRD "89"]
[BlackElo "2360"]
[BlackRD "72"]
[GameID "433934"]

1. e4 d5 2. exd5 Qxd5 3. Nc3 Qd6 4. d4 Nf6 5. Nf3 a6 6. g3 Bg4 7. Bg2 Nc6 8. O-O O-O-O 9. d5 Ne5 10. Bf4 Nxf3+
11. Bxf3 Qd7 12. Bxg4 Qxg4 13. Qxg4+ Nxg4 14. Rad1 Rg8 15. h3 Nf6 16. Rfe1 g5 17. Be3 g4 18. hxg4 Rxg4 19. Kg2 Rg6 20. Bf4 Rd7
21. Rh1 Bg7 22. Be5 Ng4 23. Bxg7 Rxg7 24. Ne2 b5 25. Nf4 Nf6 26. b3 b4 27. Nh5 Nxh5 28. Rxh5 c6 29. Rh4 a5 30. Rc4 Rg5
31. c3 Rdxd5 32. Rxd5 Rxd5 33. cxb4 axb4 34. Rxc6+ Kd7 35. Rh6 Rd2 36. Rxh7 f5 37. Rh5 Ke6 38. Rh4 Rxa2 39. Rxb4 Kf6 40. Rb6+ Ke5
41. Kf3 e6 42. Ke3 Kf6 43. f4 Rg2 44. Kf3 Rd2 45. g4 fxg4+ 46. Kxg4 Rd1 47. b4 Rc1 48. b5 Rb1 49. f5
1-0

[Event "Scandinavian Thematic!"]
[Site "SchemingMind.com"]
[Date "2018.10.30"]
[Round "-"]
[White "Johnny Owens"]
[Black "DHall"]
[Result "1/2-1/2"]
[WhiteCountry "USA"]
[BlackCountry "ENG"]
[WhiteElo "2403"]
[WhiteRD "70"]
[BlackElo "2424"]
[BlackRD "86"]
[GameID "433935"]

1. e4 d5 2. d4 dxe4 3. Nc3 Nf6 4. f3 exf3 5. Nxf3 Bg4 6. h3 Bxf3 7. Qxf3 c6 8. g4 Qxd4 9. Be3 Qd8 10. g5 Nd5
11. O-O-O e6 12. Nxd5 cxd5 13. Bb5+ Nc6 14. Rhf1 Qc7 15. c4 O-O-O 16. Kb1 d4 17. Bxc6 Bc5 18. Bxb7+ Qxb7 19. Qxb7+ Kxb7 20. Rxf7+ Kc6
21. Bf4 Rhf8 22. Rxf8 Rxf8 23. Be5 Rf5 24. Bxd4 Bxd4 25. Rxd4 Rxg5 26. Kc2 Kc5 27. Re4 Rg2+ 28. Kb1 Rg1+ 29. Kc2 h5 30. Rxe6 Rg2+
31. Kd3 Rxb2 32. Re5+=
1/2-1/2

[Event "Scandinavian Thematic!"]
[Site "SchemingMind.com"]
[Date "2018.10.30"]
[Round "-"]
[White "DHall"]
[Black "splinter"]
[Result "1-0"]
[WhiteCountry "ENG"]
[BlackCountry "CAN"]
[WhiteElo "2401"]
[WhiteRD "82"]
[BlackElo "1805"]
[BlackRD "68"]
[GameID "433936"]

1. e4 d5 2. exd5 Qxd5 3. Nc3 Qa5 4. d4 c6 5. Nf3 Nf6 6. Bc4 Bf5 7. Bd2 e6 8. Qe2 Qc7 9. O-O-O Bd6 10. Ne5 O-O
11. g4 Bg6 12. h4 h6 13. Nxg6 fxg6 14. g5 Nd5 15. Qxe6+ Kh7 16. h5 Ne7 17. hxg6+ Nxg6 18. gxh6 Bf4 19. Rdg1 Bxd2+ 20. Kd1
1-0

[Event "Scandinavian Thematic!"]
[Site "SchemingMind.com"]
[Date "2018.10.30"]
[Round "-"]
[White "splinter"]
[Black "DHall"]
[Result "0-1"]
[WhiteCountry "CAN"]
[BlackCountry "ENG"]
[WhiteElo "1815"]
[WhiteRD "76"]
[BlackElo "2410"]
[BlackRD "91"]
[GameID "433937"]

1. e4 d5 2. exd5 Qxd5 3. Nc3 Qd8 4. Nf3 Nf6 5. Bc4 e6 6. O-O Be7 7. d3 O-O 8. Bf4 a6 9. Qe2 b5 10. Bb3 c5
11. Rad1 Nc6 12. a3 Bb7 13. Ne4 Nd5 14. Bc1 Nd4 15. Nxd4 cxd4 16. Qh5 a5 17. c4 dxc3 18. bxc3 a4 19. Bxd5 Qxd5 20. Qxd5 Bxd5
21. f3 Rac8 22. Bb2 f5 23. Nd2 Bc5+ 24. Kh1 Rfd8 25. Rfe1 Kf7 26. d4 Bd6 27. g3 h5 28. Kg2 g5 29. Kf2 h4 30. Nf1 hxg3+
31. hxg3 Rh8 32. Rd2 Rh3 33. Rd3 Bc4 34. Rde3 Bxf1 35. Kxf1 Bxg3 36. Kg2 Rh2+ 37. Kxg3 Rch8 38. Rxe6 R8h3#
0-1

[Event "Scandinavian Thematic!"]
[Site "SchemingMind.com"]
[Date "2018.10.30"]
[Round "-"]
[White "DHall"]
[Black "jolasebabes"]
[Result "1-0"]
[WhiteCountry "ENG"]
[BlackCountry "POR"]
[WhiteElo "2424"]
[WhiteRD "86"]
[BlackElo "2157"]
[BlackRD "77"]
[GameID "433938"]

1. e4 d5 2. exd5 Qxd5 3. Nc3 Qa5 4. d4 Nf6 5. Nf3 Bf5 6. Bc4 c6 7. Bd2 e6 8. Nd5 Qd8 9. Nxf6+ gxf6 10. O-O Rg8
11. Re1 Nd7 12. Kh1 Qc7 13. Nh4 Bg4 14. f3 Bh5 15. g4 Bg6 16. f4 Nb6 17. Bf1 Bd6 18. Qf3 Bxc2 19. Rac1 Bg6 20. f5 O-O-O
21. Re2 Nd5 22. b4 Bxb4 23. Bxb4 Nxb4 24. fxg6 hxg6 25. Qxf6 g5 26. Nf3 Nd3 27. Rd1 Nf4 28. Rb2 Nd5 29. Qe5 Qxe5 30. dxe5 Ne3
31. Rdb1
1-0

[Event "Scandinavian Thematic!"]
[Site "SchemingMind.com"]
[Date "2018.10.30"]
[Round "-"]
[White "DHall"]
[Black "Keithk"]
[Result "1/2-1/2"]
[WhiteCountry "ENG"]
[BlackCountry "ENG"]
[WhiteElo "2424"]
[WhiteRD "86"]
[BlackElo "2549"]
[BlackRD "65"]
[GameID "433952"]

1. e4 d5 2. exd5 Qxd5 3. Nc3 Qa5 4. d4 Nf6 5. Nf3 c6 6. Bc4 Bf5 7. Bd2 e6 8. Qe2 Bb4 9. O-O-O Nbd7 10. a3 Bxc3
11. Bxc3 Qc7 12. Ne5 Nxe5 13. dxe5 Nd5 14. Bd2 O-O-O 15. g4 Bg6 16. f4 h5 17. h3 Qb6 18. Rhf1 hxg4 19. hxg4 Qc5 20. Bb3 Rh3
21. Rf3 Rdh8 22. Rdf1 Rh2 23. Qe1 Re8 24. Kb1 Qd4 25. Be3 Nxe3 26. Rxe3 Rd2 27. Re2 Rxe2 28. Qxe2 a6 29. Ka1 c5 30. Ka2 Re7
31. Ka1 Re8 32. Kb1 Re7 33. Ka2 Re8 34. Ka1 Re7 35. Ka2 Re8 36. Ka1 Qe4 37. Qf2 Qd4 38. f5 Qxf2 39. Rxf2 exf5 40. gxf5 Bh7
41. e6 fxe6 42. Bxe6+ Kb8 43. Rg2 Rf8 44. Rxg7=
1/2-1/2

[Event "Scandinavian Thematic!"]
[Site "SchemingMind.com"]
[Date "2018.10.30"]
[Round "-"]
[White "Keithk"]
[Black "DHall"]
[Result "1-0"]
[WhiteCountry "ENG"]
[BlackCountry "ENG"]
[WhiteElo "2556"]
[WhiteRD "64"]
[BlackElo "2445"]
[BlackRD "86"]
[GameID "433953"]

1. e4 d5 2. exd5 Qxd5 3. Nc3 Qa5 4. d4 Nf6 5. Nf3 c6 6. Bc4 Bf5 7. Bd2 e6 8. Nd5 Qd8 9. Nxf6+ Qxf6 10. Qe2 Nd7
11. O-O-O Be7 12. Bg5 Qg6 13. Bxe7 Kxe7 14. Kb1 Rhd8 15. h4 h5 16. Bd3 Kf8 17. Rh3 Nf6 18. Rg3 Ng4 19. b3 a5 20. Ng5 a4
21. b4 Re8 22. Re1 Rad8 23. Qd2 Kg8 24. a3 Bxd3 25. Rxd3 Nf6 26. Kb2 Nd5 27. Ne4 b5 28. Qc1 f6 29. Rg3 Qh7 30. c4 bxc4
31. Qxc4 Qf5 32. Qxc6 Qf4 33. Rd3 Qxh4 34. g3 Qh2 35. Re2 Ra8 36. Nd6 Red8 37. Rdd2 Qh3 38. Nb7 Rdc8 39. Qxe6+ Qxe6 40. Rxe6 Rcb8
41. Nc5 Rd8 42. Rd1 Kf7 43. Kc2 g5 44. Kd3 Ne7 45. Ke4 Nd5 46. Rc1 Nc7 47. Rb6 Ne8 48. Kd3 Nd6 49. Ne4 Nxe4 50. Kxe4 Kg6
51. d5 Rd7 52. f4 Rad8 53. Rcc6 Re7+ 54. Kd4 Rf8 55. fxg5 Kxg5 56. Re6 Rh7 57. d6 Rd8 58. Kc5 Rhh8 59. Re7 f5 60. d7 f4
61. Rg7+ Kf5 62. Rf7+ Kg5 63. gxf4+ Kg4 64. Rg6+ Kf3 65. f5 h4 66. Rg1 h3 67. Rfg7
1-0

[Event "Scandinavian Thematic!"]
[Site "SchemingMind.com"]
[Date "2018.10.30"]
[Round "-"]
[White "Johnny Owens"]
[Black "Keithk"]
[Result "1/2-1/2"]
[WhiteCountry "USA"]
[BlackCountry "ENG"]
[WhiteElo "2403"]
[WhiteRD "70"]
[BlackElo "2549"]
[BlackRD "65"]
[GameID "433954"]

1. e4 d5 2. exd5 Qxd5 3. Nc3 Qa5 4. d4 Nf6 5. Nf3 c6 6. Bc4 Bf5 7. O-O e6 8. Nh4 Bg6 9. Bd2 Qb6 10. Nxg6 hxg6
11. Bf4 Qb4 12. Qd3 Bd6 13. Be5 Nbd7 14. f4 Be7 15. h3 O-O 16. a3 Qa5 17. Ne4 Qb6 18. b4 a5 19. Bxf6 Nxf6 20. c3 Qa7
21. Rab1 Nd5 22. g3 Rfd8 23. Kh2 b6 24. Qe2 Qc7 25. Rfe1 Ra7 26. Qb2 axb4 27. axb4 Rda8 28. Qe2 Ra4 29. Rb2 Kh7 30. Bb3 Ra3
31. Rf1 Rd8 32. Re1 c5 33. dxc5 bxc5 34. bxc5 f5 35. Bxd5 Rxd5 36. Nd2 e5 37. Nc4 Rxc3 38. Nxe5 Bf6 39. Rc2 Bxe5 40. fxe5 Rxc2
41. Qxc2 Rxc5 42. Qf2 Rxe5 43. Rxe5 Qxe5 44. h4 g5 45. hxg5 Kg6 46. Qd2=
1/2-1/2

[Event "Scandinavian Thematic!"]
[Site "SchemingMind.com"]
[Date "2018.10.30"]
[Round "-"]
[White "Keithk"]
[Black "Johnny Owens"]
[Result "1/2-1/2"]
[WhiteCountry "ENG"]
[BlackCountry "USA"]
[WhiteElo "2554"]
[WhiteRD "62"]
[BlackElo "2342"]
[BlackRD "75"]
[GameID "433955"]

1. e4 d5 2. exd5 Qxd5 3. Nc3 Qd6 4. d4 Nf6 5. Nf3 c6 6. Ne5 Nbd7 7. Nc4 Qc7 8. Qf3 g6 9. Bf4 Qd8 10. Qe2 Bg7
11. Nd6+ Kf8 12. Nxc8 Rxc8 13. O-O-O h5 14. Kb1 Nd5 15. Nxd5 cxd5 16. Qe3 Kg8 17. h4 e6 18. c3 Nb6 19. b3 Nd7 20. Rc1 a6
21. Be2 b5 22. Bg5 Qb6 23. Qf3 Rc6 24. Qd3 Nf6 25. f3 Ne8 26. Rhd1 Qc7 27. Qd2 Nd6 28. Bd3 a5 29. Bf4 Qb6 30. Qb2 Bh6
31. Bxh6 Rxh6 32. Qe2 a4 33. Qe5 Qc7 34. Rd2 axb3 35. axb3 Rxc3 36. Rdd1 b4 37. Rxc3 Qxc3 38. Qxd6 Qxb3+=
1/2-1/2

[Event "Scandinavian Thematic!"]
[Site "SchemingMind.com"]
[Date "2018.10.26"]
[Round "-"]
[White "Keithk"]
[Black "splinter"]
[Result "1-0"]
[WhiteCountry "ENG"]
[BlackCountry "CAN"]
[WhiteElo "2562"]
[WhiteRD "65"]
[BlackElo "1786"]
[BlackRD "69"]
[GameID "433956"]

1. e4 d5 2. exd5 Qxd5 3. Nc3 Qa5 4. d4 c6 5. Nf3 Nf6 6. Bc4 Bf5 7. Bd2 e6 8. Nd5 Qd8 9. Nxf6+ gxf6 10. Bb3 Nd7
11. Qe2 Rg8 12. Nh4 Qe7 13. Nxf5 exf5 14. g3 Qxe2+ 15. Kxe2 O-O-O 16. c3 Bd6 17. Bxf7 Rg7 18. Bb3 Re8+ 19. Kf3 Rge7 20. Rae1 Rxe1
21. Rxe1 Rxe1 22. Bxe1 c5 23. Bc2 cxd4 24. cxd4 f4 25. Bxh7 fxg3 26. hxg3 Kd8 27. Be4 b6 28. Kg4 Ke7 29. Kf5
1-0

[Event "Scandinavian Thematic!"]
[Site "SchemingMind.com"]
[Date "2018.10.26"]
[Round "-"]
[White "splinter"]
[Black "Keithk"]
[Result "0-1"]
[WhiteCountry "CAN"]
[BlackCountry "ENG"]
[WhiteElo "1786"]
[WhiteRD "69"]
[BlackElo "2562"]
[BlackRD "65"]
[GameID "433957"]

1. e4 d5 2. exd5 Qxd5 3. Nc3 Qa5 4. g3 Nf6 5. Bg2 c6 6. Nf3 Bf5 7. O-O e6 8. b3 Nbd7 9. Bb2 Ba3 10. Bxa3 Qxa3
11. Nd4 Bg4 12. Qe1 O-O 13. h3 Bh5 14. Nf3 Rad8 15. Nh4 Rfe8 16. g4 Bg6 17. Nxg6 hxg6 18. Ne4 e5 19. d3 Nd5 20. f3 Nf8
21. Qh4 Ne6 22. Rfe1 Ndf4 23. Bf1 Qb2 24. Ng5 Nxg5 25. Qxg5 Qd4+ 26. Kh1 Qf2
0-1

[Event "Scandinavian Thematic!"]
[Site "SchemingMind.com"]
[Date "2018.10.28"]
[Round "-"]
[White "Keithk"]
[Black "jolasebabes"]
[Result "1-0"]
[WhiteCountry "ENG"]
[BlackCountry "POR"]
[WhiteElo "2554"]
[WhiteRD "62"]
[BlackElo "2181"]
[BlackRD "75"]
[GameID "433958"]

1. e4 d5 2. exd5 Qxd5 3. Nc3 Qa5 4. d4 Nf6 5. Nf3 Bf5 6. Ne5 c6 7. Bf4 e6 8. g4 Bg6 9. h4 Bb4 10. Bd2 Nbd7
11. Nxd7 Kxd7 12. h5 Be4 13. f3 Bd5 14. h6 Qc7 15. Rh3 gxh6 16. Qe2 Rad8 17. Bxh6 Qa5 18. Bd2 Kc8 19. a3 h5 20. g5 Nd7
21. O-O-O Bxc3 22. Bxc3 Qc7 23. Re1 Nb6 24. Ba5 c5 25. dxc5 Qxc5 26. Bb4 Qc6 27. Qe5 Rhg8 28. Rxh5 Bc4 29. Bxc4 Qxc4 30. b3 Qd5
31. Qc3+ Kb8 32. f4 Rc8 33. Qe5+ Ka8 34. Qxd5 Nxd5 35. Bd2 a6 36. Kb2 Rc7 37. c4 Ne7 38. Rh7 Rd7 39. Bc1 Rf8 40. a4 b6
41. Kb1 Nf5 42. Rxe6
1-0

[Event "Scandinavian Thematic!"]
[Site "SchemingMind.com"]
[Date "2018.10.29"]
[Round "-"]
[White "jolasebabes"]
[Black "Keithk"]
[Result "0-1"]
[WhiteCountry "POR"]
[BlackCountry "ENG"]
[WhiteElo "2144"]
[WhiteRD "80"]
[BlackElo "2540"]
[BlackRD "67"]
[GameID "433959"]

1. e4 d5 2. exd5 Qxd5 3. Nc3 Qa5 4. d4 Nf6 5. Bc4 Bg4 6. Ne2 Nc6 7. Bd2 O-O-O 8. f3 Bh5 9. a3 Nxd4 10. Nxd4 Rxd4
11. Nb5 Qb6 12. Nxd4 Qxd4 13. Qe2 Qxb2 14. O-O e6 15. Rab1 Bc5+ 16. Kh1 Qd4 17. Bg5 Bd6 18. Rfd1 Qe5 19. Qxe5 Bxe5 20. Rb5 Nd5
21. Bxd5 exd5 22. Rbxd5 f6 23. Bh4 Bg6 24. c4 c6 25. R5d2 Bc3 26. Re2 Re8 27. Rxe8+ Bxe8 28. Bf2 b6 29. c5 b5 30. Bd4 Ba5
31. g4 Bf7 32. h4 Bd5 33. Kg2 Kd7 34. Kf2 Ke6 35. f4 Bc7 36. Re1+ Kf7 37. Ke3 h6 38. h5 Bd8 39. Bc3 Bc7 40. Rd1 Ke6
41. Rg1 a5 42. g5 Kf5 43. gxh6 Bxf4+ 44. Kd3 Bc4+ 45. Kc2 Bxh6 46. Bxa5 Be2 47. Bd2 Bxh5 48. Bxh6 gxh6 49. Rg7 Bg4 50. Kd3 h5
51. Ke3 Ke5 52. Rg6 Be6 53. Rh6 Bg4 54. Kd3 Bf3 55. Ke3 Bg4 56. Kd2 Ke6 57. Ke3 Kf5 58. Rh7 Ke5 59. Rh6 Kf5 60. Kd3 Kg5
61. Rh8 f5 62. Ke3 f4+
0-1

[Event "Scandinavian Thematic!"]
[Site "SchemingMind.com"]
[Date "2018.10.31"]
[Round "-"]
[White "Geoffrey Rosser"]
[Black "DHall"]
[Result "1-0"]
[WhiteCountry "ENG"]
[BlackCountry "ENG"]
[WhiteElo "1862"]
[WhiteRD "65"]
[BlackElo "2401"]
[BlackRD "82"]
[GameID "434123"]

1. e4 d5 2. exd5 Qxd5 3. Nc3 Qd8 4. d4 Nf6 5. Nf3 Bg4 6. h3 Bxf3 7. Qxf3 c6 8. Be3 e6 9. Bd3 Nbd7 10. O-O Bd6
11. Ne4 Nd5 12. Nxd6+ Ke7 13. Nxf7 Qf8 14. Bg5+ N7f6 15. Nxh8 Qxh8 16. Rae1 Nc7 17. Re2 Qf8 18. Bxh7
1-0

[Event "Scandinavian Thematic!"]
[Site "SchemingMind.com"]
[Date "2018.10.31"]
[Round "-"]
[White "Geoffrey Rosser"]
[Black "Johnny Owens"]
[Result "0-1"]
[WhiteCountry "ENG"]
[BlackCountry "USA"]
[WhiteElo "1852"]
[WhiteRD "62"]
[BlackElo "2348"]
[BlackRD "73"]
[GameID "434125"]

1. e4 d5 2. exd5 Qxd5 3. Nc3 Qd6 4. d4 Nf6 5. Nf3 a6 6. Bc4 b5 7. Bd3 Bb7 8. O-O Nbd7 9. Re1 e6 10. Ne4 Nxe4
11. Bxe4 Bxe4 12. Rxe4 Be7 13. Ne5 Nxe5 14. Rxe5 Bf6 15. Re4 Qd5 16. f3 c5 17. Be3 cxd4 18. Bxd4 O-O-O 19. c3 e5 20. b3 exd4
21. c4 bxc4 22. bxc4 Qc6 23. Rb1 Rhe8 24. Qb3 Rxe4 25. fxe4 Qxe4 26. Qb6 d3 27. Qxa6+ Kd7 28. Qa5 d2 29. Qxd2+ Bd4+ 30. Kh1 Qxb1+
0-1

[Event "Scandinavian Thematic!"]
[Site "SchemingMind.com"]
[Date "2018.11.01"]
[Round "-"]
[White "Johnny Owens"]
[Black "Geoffrey Rosser"]
[Result "1-0"]
[WhiteCountry "USA"]
[BlackCountry "ENG"]
[WhiteElo "2348"]
[WhiteRD "73"]
[BlackElo "1852"]
[BlackRD "62"]
[GameID "434126"]

1. e4 d5 2. exd5 Qxd5 3. Nc3 Qd6 4. d4 Nf6 5. Nf3 a6 6. g3 Nc6 7. Bf4 Qd7 8. Ne5 Qxd4 9. Nxc6 Qxd1+ 10. Rxd1 bxc6
11. Bg2 Bb7 12. Bxc7 e6 13. Na4 Nd5 14. Ba5 Rb8 15. c4 Bb4+ 16. Bxb4 Nxb4 17. a3 Nc2+ 18. Kd2 Nd4 19. Kc3 Nf5 20. Nc5 Ne7
21. Rd7 Bc8 22. Rc7 Kd8 23. Ra7 f6 24. Rd1+ Ke8 25. Rd6 g5 26. Bxc6+ Nxc6 27. Rxc6 h5 28. Ne4 Rf8= 29. Nd6+ Kd8 30. Nxc8
1-0

[Event "Scandinavian Thematic!"]
[Site "SchemingMind.com"]
[Date "2018.10.31"]
[Round "-"]
[White "Geoffrey Rosser"]
[Black "Keithk"]
[Result "1-0"]
[WhiteCountry "ENG"]
[BlackCountry "ENG"]
[WhiteElo "1852"]
[WhiteRD "62"]
[BlackElo "2540"]
[BlackRD "61"]
[GameID "434127"]

1. e4 d5 2. exd5 Qxd5 3. Nc3 Qa5 4. d4 Nf6 5. Bd2 c6 6. Nf3 Bf5 7. Bc4 e6 8. O-O Qc7 9. Re1 Bd6 10. d5 cxd5
11. Bxd5 Nxd5 12. Nxd5 Qd7 13. Ne3 Bg6 14. Nd5 O-O 15. Nf4 Bxf4 16. Bxf4 Qxd1 17. Raxd1 Bxc2 18. Rc1 Be4 19. Rxe4 Nd7 20. Rec4 Nb6
21. R4c2 Rfc8 22. Rxc8+ Rxc8 23. Rxc8+ Nxc8 24. Bb8 f6 25. Nd4 Kf7 26. Nb5 a6 27. Nd6+ Nxd6 28. Bxd6 e5 29. f3 Ke6 30. Bf8 g6
31. Kf2 Kf5 32. Ke3 Ke6 33. g4 Kd5 34. Kd3 Ke6 35. Ke4 Kf7 36. Bb4 Ke6 37. a4 f5+ 38. gxf5+ gxf5+ 39. Ke3 Kd5 40. a5 Kc4
41. Bc3 Kd5 42. h3 h6 43. Kd3 h5 44. b3 Ke6 45. Kc4 h4 46. Be1 Kd6 47. Bxh4 Ke6 48. Bg3 f4 49. Bf2 Kd6 50. h4 Ke6
51. h5
1-0

[Event "Scandinavian Thematic!"]
[Site "SchemingMind.com"]
[Date "2018.11.01"]
[Round "-"]
[White "Keithk"]
[Black "Geoffrey Rosser"]
[Result "1-0"]
[WhiteCountry "ENG"]
[BlackCountry "ENG"]
[WhiteElo "2562"]
[WhiteRD "65"]
[BlackElo "1871"]
[BlackRD "65"]
[GameID "434128"]

1. e4 d5 2. exd5 Qxd5 3. Nc3 Qd6 4. d4 Nf6 5. Nf3 a6 6. g3 b5 7. Bg2 Bb7 8. O-O e6 9. Bf4 Qc6 10. d5 exd5
11. Re1+ Be7 12. Bg5 h6 13. Nd4 Qd7 14. Bxf6 gxf6 15. Qh5 c5 16. Nf5 Nc6 17. Nxd5 Ne5 18. Nfxe7 Bxd5 19. Nxd5
1-0

[Event "Scandinavian Thematic!"]
[Site "SchemingMind.com"]
[Date "2018.10.31"]
[Round "-"]
[White "Geoffrey Rosser"]
[Black "splinter"]
[Result "0-1"]
[WhiteCountry "ENG"]
[BlackCountry "CAN"]
[WhiteElo "1862"]
[WhiteRD "65"]
[BlackElo "1805"]
[BlackRD "68"]
[GameID "434129"]

1. e4 d5 2. exd5 Qxd5 3. Nc3 Qa5 4. d4 c6 5. Nf3 Nf6 6. Bc4 Bf5 7. Bd2 Qc7 8. Ne5 e6 9. g4 Bg6 10. Nxg6 hxg6
11. h3 Nbd7 12. Qf3 O-O-O 13. O-O-O Nb6 14. Bf4 Bd6 15. Bxd6 Rxd6 16. Bb3 Rhd8 17. Qe3 Qd7 18. Ne2 c5 19. c3 c4 20. Bc2 Kb8
21. Nf4 Nfd5 22. Nxd5 Nxd5 23. Qe5 f6 24. Qe2 b5 25. Qf3 a5 26. Bxg6 b4 27. Bc2 a4 28. Kd2 b3 29. axb3 cxb3 30. Be4 Nb6
31. Qd3 Rc8 32. Rb1 Nc4+ 33. Ke2 Qe7 34. f4 e5 35. fxe5 fxe5 36. d5 Kb7 37. Rhf1 Kb6 38. Bf5 Rc5 39. Be6 Rxe6 40. dxe6 Qxe6
41. Rfd1 Nxb2 42. Qd8+ Kb5 43. Rxb2 Qc4+ 44. Qd3 e4 45. Qxc4+ Kxc4 46. Rbd2 a3 47. Rd4+ Kxc3 48. Rxe4 b2 49. Ra4 Kb3 50. Rdd4 Rb5
0-1

[Event "Scandinavian Thematic!"]
[Site "SchemingMind.com"]
[Date "2018.11.01"]
[Round "-"]
[White "splinter"]
[Black "Geoffrey Rosser"]
[Result "1-0"]
[WhiteCountry "CAN"]
[BlackCountry "ENG"]
[WhiteElo "1805"]
[WhiteRD "68"]
[BlackElo "1862"]
[BlackRD "65"]
[GameID "434130"]

1. e4 d5 2. exd5 Qxd5 3. Nc3 Qd6 4. d4 Nf6 5. Nf3 a6 6. Bc4 Nc6 7. O-O e6 8. Ne2 Be7 9. Bf4 Qd7 10. c3 O-O
11. Qc2 Nh5 12. Bd2 b5 13. Bd3 f5 14. Rae1 Bb7 15. Nf4 Nxf4 16. Bxf4 Bf6 17. Ng5 Rae8 18. Re3 h6 19. Nf3 g5= 20. Be5 f4
21. Re2 g4 22. Nd2 Nxe5 23. dxe5 Bh4 24. Bg6 Re7 25. Rd1 Rd8 26. Ree1 Rg7 27. Be4 g3 28. Rf1 gxf2+ 29. Kh1 Qd3 30. Qxd3 Rxd3
31. Bxb7 Rgd7 32. Bxa6 Rxd2 33. Rb1 R7d5 34. c4 bxc4 35. Bxc4 Rxe5 36. a4 Rd4 37. b3 Rde4 38. g3 fxg3 39. hxg3 Bxg3 40. Kg2 Re3
41. Rxf2 Bxf2 42. Kxf2 R3e4 43. Kf3 Re1 44. Rxe1 Rxe1 45. a5 Kf7 46. a6 c5 47. Bb5 Ke7 48. a7 Ra1 49. Ba4 Rf1+ 50. Ke2 Rf8
51. Bc6 Kd6 52. a8=Q Rxa8 53. Bxa8 Ke5 54. Kd3 Kf4 55. Kc4 e5 56. Kxc5 e4 57. Kd4 e3 58. Kd3 h5 59. b4 h4 60. b5 Ke5
61. Kxe3
1-0

[Event "Scandinavian Thematic!"]
[Site "SchemingMind.com"]
[Date "2018.11.02"]
[Round "-"]
[White "Geoffrey Rosser"]
[Black "jolasebabes"]
[Result "0-1"]
[WhiteCountry "ENG"]
[BlackCountry "POR"]
[WhiteElo "1852"]
[WhiteRD "62"]
[BlackElo "2179"]
[BlackRD "71"]
[GameID "434131"]

1. e4 d5 2. exd5 Qxd5 3. Nc3 Qa5 4. d4 Nf6 5. Nf3 Bf5 6. Bd3 e6 7. O-O c6 8. Bxf5 Qxf5 9. Re1 Nbd7 10. Ng5 h6
11. Nge4 Be7 12. Ng3 Qa5 13. Bd2 Qc7 14. Qf3 O-O 15. Nf5 Bd6 16. Nxd6 Qxd6 17. Be3 Qb4 18. Rab1 Nd5 19. Nxd5 exd5 20. Bxh6 Qxd4
21. Qg3 Qf6 22. Bg5 Qf5 23. Re7 Nc5 24. f3 Rfe8 25. Rbe1 Rxe7 26. Bxe7 Qxc2 27. Bf6 Qh7 28. h3 Ne6 29. f4 Nc5 30. Bd4 Ne4
31. Qe3 Qh4 32. Rf1 Qe7 33. f5 f6 34. Rc1 a6 35. g4 Re8 36. h4 Kf7 37. Kg2 Rh8 38. h5 Qb4 39. Bc3 Qb5 40. Rc2 Re8
41. Qf3 Ng5 42. Qd1 Re4 43. Bd4 Qb4 44. Bc3 Rxg4+
0-1